| 000 | 00509nam a2200133Ia 4500 | ||
|---|---|---|---|
| 005 | 20260209120139.0 | ||
| 008 | 260209s9999||||xx |||||||||||||| ||und|| | ||
| 100 | _aIsha Sharma | ||
| 245 | 0 | _aChallenges and effectiveness of debts recovery tribunal under RDDBFI act, 1993 and SARFAESI act, 2002 | |
| 260 |
_aBangaloreBangalore _bNLSIU _c2017 |
||
| 300 | _a133 p. ; 25 cm. | ||
| 700 | _aProf. (Dr.) O V Nandimath - GuideProf. (Dr.) O V Nandimath - Guide | ||
| 856 | _uhttps://dans.nls.ac.in/handle/123456789/1559 | ||
| 999 |
_c217341 _d217341 |
||